000 00569nam a2200217Ia 4500
005 20250718145507.0
008 008 250715s9999 xx 000 0 eng d
020 _a9789395696258 (Pbk)
037 _aTextual
040 _aFLL
_cFLL
041 _aeng
_2eng
084 _aY:45:6, R3
_qFLL
100 _aGANGEJA Shaveta
_9816022
245 0 _aVictimology and victim assistance in India
250 _a1st.
260 _bBangalore Thomson Reuters India
_c2023
300 _axxiv, 230p ill
365 _b900
942 _cTEXL
999 _c1433902
_d1433902